Công trình biển tiêu chuẩn thực hành nạo vét và tôn tạo đất

সংরক্ষণ করুন:
গ্রন্থ-পঞ্জীর বিবরন
প্রধান লেখক: British Standard Code of Practice for Foundation (BSI)
বিন্যাস: গ্রন্থ
ভাষা:Undetermined
প্রকাশিত: H. Xây Dựng 2002
বিষয়গুলি:
ট্যাগগুলো: ট্যাগ যুক্ত করুন
কোনো ট্যাগ নেই, প্রথমজন হিসাবে ট্যাগ করুন!
Thư viện lưu trữ: Trung tâm Học liệu Trường Đại học Cần Thơ
LEADER 00674nam a2200193Ia 4500
001 CTU_53697
008 210402s9999 xx 000 0 und d
020 |c 28000 
082 |a 627.98 
082 |b B862 
100 |a British Standard Code of Practice for Foundation (BSI) 
245 0 |a Công trình biển tiêu chuẩn thực hành nạo vét và tôn tạo đất 
245 0 |c British Standard Code of Practice for Foundation (BSI); Nguyễn Hữu Đẩu biên dịch 
260 |a H. 
260 |b Xây Dựng 
260 |c 2002 
650 |a offshore structures 
904 |i Minh 
980 |a Trung tâm Học liệu Trường Đại học Cần Thơ